000 00897nam a2200253Ia 4500
003 OSt
005 20220930072917.0
006 a|||||r|||| 00| 0
007 ta
008 220926b |||||||| |||| 00| 0 eng d
024 _a25682
037 _cTheses
040 _aCRL
_cCRL
_beng
041 _2eng
_aeng
100 _aMalhotra Rajendra Kumar
_9530681
110 _aUniversity of Delhi. Faculty of Arts. Department of Slavonic and Finno-Ugrian Studies
_9530682
245 0 _aTranslation problems of scientific and technical literature (from Russian to english and Vice Versa)
260 _c1999
650 _aSLAVONIC LITERATURE
700 _a Nagpal R.K. Supervisor
_9530683
700 _aUniversity of Delhi. Faculty of Arts. Department of Slavonic and Finno-Ugrian Studies
_9530684
942 _cDIS
_2CC
999 _c864449
_d864449